| 000 | 00427nam a2200145Ia 4500 | ||
|---|---|---|---|
| 008 | 220204s9999 xx 000 0 und d | ||
| 082 |
_aNR:63:5+6 _bWRI;1 |
||
| 100 | _aWright, Herbert | ||
| 245 | 0 | _aPara rubber or Hevea brasiliensis: Its botany, cultivation, chemistry and diseases | |
| 260 |
_aDelhi _bBiotech Books _c1998 |
||
| 650 | _aPara rubber history | ||
| 650 | _aRubber diseases | ||
| 650 | _aTapping | ||
| 942 | _cREF | ||
| 999 |
_c41509 _d41509 |
||